书目信息 |
| 题名: |
保险科技
|
|
| 作者: | 朱进元 , 刘勇 , 魏丽 著 | |
| 分册: | ||
| 出版信息: | 北京 中信出版集团股份有限公司 2018 |
|
| 页数: | 366页 | |
| 开本: | 21cm | |
| 丛书名: | ||
| 单 册: | ||
| 中图分类: | F842.6 | |
| 科图分类: | ||
| 主题词: | 科学技术--保险--研究--中国 | |
| 电子资源: | ||
| ISBN: | 978-7-5086-8582-3 | |
| 000 | 00956nam0 2200265 450 | |
| 001 | 012001001451 | |
| 005 | 20140921103355.0 | |
| 010 | @a978-7-5086-8582-3@dCNY88.00 | |
| 100 | @a20180612d2018 em y0chiy50 ea | |
| 101 | 0 | @achi |
| 102 | @aCN@b110000 | |
| 105 | @ay z 000yy | |
| 106 | @ar | |
| 200 | 1 | @a保险科技@9bao xian ke ji@dInsurance technology@f朱进元,刘勇,魏丽著@zeng |
| 210 | @a北京@c中信出版集团股份有限公司@d2018 | |
| 215 | @a366页@d21cm | |
| 330 | @a本书从保险基本原理出发,在概述保险行业基本实践的基础上总结行业发展规律,并基于社会需求和技术供给的角度将科技保险的起源、现状及趋势纳入保险行业创新发展的框架中进行思考。 | |
| 510 | 1 | @aInsurance technology@zeng |
| 606 | 0 | @a科学技术@x保险@x研究@y中国 |
| 690 | @aF842.6@v5 | |
| 701 | 0 | @a朱进元@9zhu jin yuan@f(1969-)@4著 |
| 701 | 0 | @a刘勇@9liu yong@c(小微金融)@4著 |
| 701 | 0 | @a魏丽@9wei li@c(女)@4著 |
| 801 | 0 | @aCN@b上海新华@c20180901 |
| 905 | @b1043721-5@dF842.6@e132@f5 | |
| 保险科技=Insurance technology/朱进元,刘勇,魏丽著.-北京:中信出版集团股份有限公司,2018 |
| 366页;21cm |
| ISBN 978-7-5086-8582-3:CNY88.00 |
| 本书从保险基本原理出发,在概述保险行业基本实践的基础上总结行业发展规律,并基于社会需求和技术供给的角度将科技保险的起源、现状及趋势纳入保险行业创新发展的框架中进行思考。 |
| ● |
| 相关链接 |
|
|
|
|
正题名:保险科技
索取号:F842.6/132
 
预约/预借
| 序号 | 登录号 | 条形码 | 馆藏地/架位号 | 状态 | 备注 |
| 1 | 1043721 | 210437213 | 第一样本阅览室/ [索取号:F842.6/132] | 在馆 | |
| 2 | 1043722 | 210437222 | 第一借阅区/ [索取号:F842.6/132] | 在馆 | |
| 3 | 1043723 | 210437231 | 第一借阅区/ [索取号:F842.6/132] | 在馆 | |
| 4 | 1043724 | 210437240 | 第一借阅区/ [索取号:F842.6/132] | 在馆 | |
| 5 | 1043725 | 210437259 | 密集书库-海洋学院/ [索取号:F842.6/132] | 在馆 |